<?xml version="1.0" encoding="UTF-8"?>
<record
    xmlns:xsi="http://www.w3.org/2001/XMLSchema-instance"
    xsi:schemaLocation="http://www.loc.gov/MARC21/slim http://www.loc.gov/standards/marcxml/schema/MARC21slim.xsd"
    xmlns="http://www.loc.gov/MARC21/slim">

  <leader>01676nam a22002177a 4500</leader>
  <controlfield tag="005">20260227162424.0</controlfield>
  <controlfield tag="008">260218b        |||||||| |||| 00| 0 eng d</controlfield>
  <datafield tag="020" ind1=" " ind2=" ">
    <subfield code="a">9789388991162</subfield>
  </datafield>
  <datafield tag="040" ind1=" " ind2=" ">
    <subfield code="c">AIMIT LIBRARY</subfield>
  </datafield>
  <datafield tag="100" ind1=" " ind2=" ">
    <subfield code="a">Alidina, Shamash.</subfield>
    <subfield code="9">255612</subfield>
  </datafield>
  <datafield tag="245" ind1=" " ind2=" ">
    <subfield code="a">Mindfulness :</subfield>
    <subfield code="b">for dummies /</subfield>
    <subfield code="c">By Shamash Alidina.</subfield>
  </datafield>
  <datafield tag="250" ind1=" " ind2=" ">
    <subfield code="a">3rd ed.</subfield>
  </datafield>
  <datafield tag="260" ind1=" " ind2=" ">
    <subfield code="a">New Delhi :</subfield>
    <subfield code="b">Wiley India Pvt Ltd ,</subfield>
    <subfield code="c">2020.</subfield>
  </datafield>
  <datafield tag="300" ind1=" " ind2=" ">
    <subfield code="a">xiv,378 p.;</subfield>
    <subfield code="b">PB</subfield>
    <subfield code="c">23.5 cm.</subfield>
  </datafield>
  <datafield tag="500" ind1=" " ind2=" ">
    <subfield code="a">Take small steps to being more mindful
Understand the latest research on mindfulness and the brain
Access to guided meditations online
Use mindfulness to restore balance in your life

No matter who we are, stress, worry, and sadness sometimes invade our lives. Millions of people have found the antidote in mindfulness, and you can too. Written by an expert who's been teaching the art of mindfulness for more than 20 years, this simple guide can show you how to disconnect your brain from that endless loop of negativity and get back in touch with all that makes life worth living. Learn to relax your body and mind, reframe your attitudes, be aware of your surroundings, and improve your relationship with yourself.

Inside...

Understand how mindfulness helps the body
Incorporate mindfulness into your daily routine
Manage stress, anxiety, and chronic pain
Achieve a new level of self awareness
Become focused, calmer, and happier
Overcome setbacks</subfield>
  </datafield>
  <datafield tag="505" ind1=" " ind2=" ">
    <subfield code="r">About the author

Shamash Alidina</subfield>
  </datafield>
  <datafield tag="650" ind1=" " ind2=" ">
    <subfield code="a">Preparing the ground for mindful living</subfield>
    <subfield code="9">255613</subfield>
  </datafield>
  <datafield tag="650" ind1=" " ind2=" ">
    <subfield code="a">Practising mindfulness</subfield>
    <subfield code="9">255614</subfield>
  </datafield>
  <datafield tag="650" ind1=" " ind2=" ">
    <subfield code="a">Reaping the rewards of mindfulness</subfield>
    <subfield code="9">255615</subfield>
  </datafield>
  <datafield tag="942" ind1=" " ind2=" ">
    <subfield code="2">ddc</subfield>
    <subfield code="c">BK</subfield>
    <subfield code="e">3</subfield>
    <subfield code="k">374.22 ALIS</subfield>
  </datafield>
  <datafield tag="999" ind1=" " ind2=" ">
    <subfield code="c">240917</subfield>
    <subfield code="d">240917</subfield>
  </datafield>
  <datafield tag="952" ind1=" " ind2=" ">
    <subfield code="0">0</subfield>
    <subfield code="1">0</subfield>
    <subfield code="2">ddc</subfield>
    <subfield code="4">0</subfield>
    <subfield code="7">0</subfield>
    <subfield code="8">MBA</subfield>
    <subfield code="a">AIMIT</subfield>
    <subfield code="b">AIMIT</subfield>
    <subfield code="c">GN</subfield>
    <subfield code="d">2026-02-12</subfield>
    <subfield code="e">SK Publishers &amp; Distributors</subfield>
    <subfield code="g">749.00</subfield>
    <subfield code="i">Bill no:SKP4043;Bill dt:2026-2-2</subfield>
    <subfield code="l">0</subfield>
    <subfield code="o">374.22 ALIS</subfield>
    <subfield code="p">MBA15270</subfield>
    <subfield code="r">2026-05-23 00:00:00</subfield>
    <subfield code="v">561.75</subfield>
    <subfield code="w">2026-02-18</subfield>
    <subfield code="y">BK</subfield>
  </datafield>
</record>
